Govt. of
Madhya Pradesh

The Complete Handbook of Video (Record no. 34298)

MARC details
000 -LEADER
fixed length control field 004420000a22001810004500
003 - CONTROL NUMBER IDENTIFIER
control field MACL
005 - DATE AND TIME OF LATEST TRANSACTION
control field 20160109113241.0
008 - FIXED-LENGTH DATA ELEMENTS--GENERAL INFORMATION
fixed length control field 160109b xxu||||| |||| 00| 0 eng d
040 ## - CATALOGING SOURCE
Original cataloging agency MACL
Transcribing agency MACL
041 ## - LANGUAGE CODE
Language code of text/sound track or separate title English
082 ## - DEWEY DECIMAL CLASSIFICATION NUMBER
Classification number 621.388
100 ## - MAIN ENTRY--PERSONAL NAME
Personal name Owen, David
9 (RLIN) 30155
245 ## - TITLE STATEMENT
Title The Complete Handbook of Video
260 ## - PUBLICATION, DISTRIBUTION, ETC. (IMPRINT)
Name of publisher, distributor, etc. Penguin Books
Date of publication, distribution, etc. 1982
Place of publication, distribution, etc. U.S.A
350 ## - PRICE (NR) (BK AM CF MU VM SE) [OBSOLETE]
Price 111
650 ## - SUBJECT ADDED ENTRY--TOPICAL TERM
Topical term or geographic name as entry element Engineering
9 (RLIN) 30156
942 ## - ADDED ENTRY ELEMENTS (KOHA)
Koha item type Books
Call number prefix 621.388
Source of classification or shelving scheme
Holdings
Withdrawn status Lost status Source of classification or shelving scheme Damaged status Not for loan Home library Current library Date acquired Cost, normal purchase price Total Checkouts Full call number Barcode Date last seen Uniform Resource Identifier Price effective from Koha item type
          MACL MACL 15/04/2015 111.00   621.388 CLE017170 29/04/2015 34502 15/04/2015 Books